000 00527nam a2200169 i 4500
001 89799
003 ES-MaACL
005 20230906180253.0
007 t|
008 050113s1953 fr ||||1| fre d
100 1 _aLaurent, Jules.
_970633
245 1 3 _aLa lettre et le chapeau ou les de buts de Michetle
_b: piece en un acte /
_cJules Laurent et Claude de Presles.
260 _aParis :
_bTheatrales,
_c[1953]
300 _a16 p. ;
_c12 cm.
700 1 _aPresles, Claude des.
_993781
852 _aES-MaACL
_j2032-F-1
_bR.51881
999 _c89799
_d89799